100 Biggest Cities in South America. - Statistics

General Stats
  • This quiz has been taken 196 times
  • The average score is 37 of 100
Answer Stats
Number Population Country City % Correct
4 6.320.446 Brazil Rio de Janeiro
99%
1 12.038.175 Brazil São Paulo
98%
3 6.840.116 Colombia Bogotá
97%
2 8.500.842 Peru Lima
97%
6 3.205.463 Venezuela Caracas
95%
5 4.434.900 Chile Santiago
95%
8 2.977.216 Brazil Brasília
94%
19 1.753.278 Ecuador Quito
94%
7 3.090.922 Argentina Buenos Aires
93%
52 743.684 Bolivia La Paz
91%
27 1.331.729 Uruguay Montevideo
88%
12 2.508.452 Colombia Medellín
87%
14 2.383.392 Colombia Cali
84%
15 2.094.391 Brazil Manaus
84%
9 2.938.092 Brazil Salvador
81%
10 2.609.716 Brazil Fortaleza
80%
13 2.484.009 Ecuador Guayaquil
80%
20 1.625.583 Brazil Recife
80%
22 1.481.019 Brazil Porto Alegre
79%
96 473.384 Colombia Bello
78%
82 524.190 Paraguay Asunción
76%
28 1.329.604 Argentina Córdoba
75%
18 1.828.092 Brazil Curitiba
74%
24 1.446.042 Brazil Belém
71%
29 1.224.374 Colombia Barranquilla
70%
16 1.990.559 Venezuela Maracaibo
69%
51 748.312 Argentina Rosario
69%
33 1.025.086 Colômbia Cartagena
64%
30 1.173.370 Brazil Campinas
56%
11 2.513.451 Brazil Belo Horizonte
55%
40 877.662 Brazil Natal
54%
31 1.082.935 Brazil São Luís
50%
17 1.899.026 Venezuela Valencia
46%
23 1.448.639 Brazil Goiânia
45%
41 869.351 Peru Arequipa
43%
93 477.798 Brazil Florianópolis
43%
60 678.047 Bolivia Cochabamba
36%
81 528.575 Colombia Bucaramanga
33%
34 1.021.709 Brazil Maceió
33%
42 863.982 Brazil Campo Grande
31%
47 799.550 Peru Trujillo
30%
25 1.408.733 Venezuela Barquisimeto
29%
55 699.523 Argentina La Plata
29%
37 965.989 Venezuela Barcelona
28%
35 1.005.606 Venezuela Maracay
28%
46 801.718 Brazil João Pessoa
27%
21 1.567.492 Bolivia Santa Cruz de la Sierra
27%
43 847.430 Brazil Teresina
27%
77 554.125 Argentina Salta
26%
73 585.367 Brazil Cuiabá
25%
58 694.327 Argentina San Miguel de Tucumán
25%
69 641.523 Brazil Aracaju
24%
64 662.765 Colombia Cúcuta
24%
38 923.639 Bolivia El Alto
22%
26 1.337.082 Brazil Guarulhos
21%
63 664.892 Argentina Mar del Plata
21%
36 980.080 Venezuela Ciudad Guayana
20%
86 499.257 Colombia Santa Marta
20%
62 669.672 Brazil Uberlândia
20%
49 780.953 Venezuela Ciudad Bolívar
19%
83 511.219 Brazil Porto Velho
19%
74 569.645 Brazil Joinville
17%
99 465.495 Brazil Macapá
16%
32 1.044.058 Brazil São Gonçalo
16%
78 553.393 Brazil Londrina
15%
90 487.186 Brazil Campos dos Goytacazes
14%
71 600.440 Peru Chiclayo
14%
39 886.917 Brazil Duque de Caxias
14%
75 564.077 Colombia Ibagué
14%
45 821.955 Venezuela Maturín
12%
87 497.883 Brazil Niterói
12%
48 797.435 Brazil Nova Iguaçu
12%
54 704.820 Venezuela San Cristóbal
12%
57 695.992 Brazil São José dos Campos
12%
95 474.356 Colombia Pereira
10%
61 674.405 Brazil Ribeirão Preto
10%
67 652.481 Brazil Sorocaba
10%
56 696.382 Brazil Osasco
9%
44 822.242 Brazil São Bernardo do Campo
8%
65 655.413 Venezuela Barinas
7%
92 479.236 Brazil Caxias do Sul
7%
76 559.636 Brazil Juiz de Fora
7%
98 472.231 Venezuela Puerto la Cruz
7%
53 712.749 Brazil Santo André
7%
68 648.949 Colombia Soledad
7%
66 653.800 Brazil Contagem
6%
50 774.706 Venezuela Cumaná
5%
70 622.639 Brazil Feira de Santana
5%
59 691.125 Brazil Jaboatão dos Guararapes
5%
89 494.109 Brazil Serra
5%
79 533.718 Colombia Soacha
5%
97 473.232 Colombia Valledupar
5%
91 479.664 Brazil Vila Velha
5%
85 505.996 Colombia Villavicencio
5%
80 532.135 Brazil Aparecida de Goiânia
4%
84 510.834 Brazil Ananindeua
3%
88 494.141 Brazil Belford Roxo
3%
72 599.108 Venezuela Cabimas
3%
100 460.541 Brazil São João de Meriti
3%
94 477.017 Venezuela Punto Fijo
1%
No matching quizzes found
Score Distribution
Percent of People with Each Score
Percentile by Number Answered
Your Score History
You have not taken this quiz